Online
Catalog

Código de procedimiento criminal de la República Dominicana: (Record no. 26897)

MARC details
000 -CABECERA
campo de control de longitud fija 01049nam a2200289 i 4500
003 - IDENTIFICADOR DEL NÚMERO DE CONTROL
campo de control DO-SdBNP
005 - FECHA Y HORA DE LA ÚLTIMA TRANSACCIÓN
campo de control 20230807145004.0
006 - CÓDIGOS DE INFORMACIÓN DE LONGITUD FIJA--CARACTERÍSTICAS DEL MATERIAL ADICIONAL
campo de control de longitud fija a||||fr|||| 00| 0
007 - CAMPO FIJO DE DESCRIPCIÓN FÍSICA--INFORMACIÓN GENERAL
campo de control de longitud fija ta
008 - DATOS DE LONGITUD FIJA--INFORMACIÓN GENERAL
campo de control de longitud fija 110331e1947 dr 000 spa d
040 ## - FUENTE DE LA CATALOGACIÓN
Centro catalogador/agencia de origen DO-SdBNP
Lengua de catalogación spa
Centro/agencia transcriptor BNPHU
Normas de descripción rda
082 #4 - NÚMERO DE LA CLASIFICACIÓN DECIMAL DEWEY
Número de edición 22
Número de clasificación 345.729302
Número de documento/Ítem R426c
110 1# - ENTRADA PRINCIPAL--NOMBRE DE ENTIDAD CORPORATIVA
Nombre de entidad corporativa o nombre de jurisdicción como elemento de entrada República Dominicana
Término indicativo de función/relación autor
9 (RLIN) 447
240 ## - TÍTULO UNIFORME
Título uniforme Código de procedimiento criminal.
Lenguaje de la obra spa
245 10 - MENCIÓN DE TÍTULO
Título Código de procedimiento criminal de la República Dominicana:
Resto del título leyes que lo modifican y lo completan. /
Mención de responsabilidad, etc. Edición preparado por: Darío Balcácer y Antonio Rosario
264 #1 - PRODUCCIÓN, PUBLICACIÓN, DISTRIBUCIÓN, FABRICACIÓN Y COPYRIGHT
Producción, publicación, distribución, fabricación y copyright Ciudad Trujillo :
Nombre del de productor, editor, distribuidor, fabricante Montalvo,
Fecha de producción, publicación, distribución, fabricación o copyright 1947
300 ## - DESCRIPCIÓN FÍSICA
Extensión 155 páginas ;
Dimensiones 23 cm
336 ## - TIPO DE CONTENIDO
Fuente rdacontent
Término de tipo de contenido texto
Código de tipo de contenido txt
337 ## - TIPO DE MEDIO
Fuente rdamedia
Nombre/término del tipo de medio sin mediación
Código del tipo de medio n
338 ## - TIPO DE SOPORTE
Fuente rdacarreir
Nombre/término del tipo de soporte volumen
Código del tipo de soporte nc
500 ## - NOTA GENERAL
Nota general Incluye bibliografía y notas al pie de páginas
500 ## - NOTA GENERAL
Nota general Incluye concordancia
590 ## - NOTA LOCAL (RLIN)
Nota local Inventariado 2023 / MF
700 1# - PUNTO DE ACCESO ADICIONAL--NOMBRE DE PERSONA
Nombre de persona Balcácer, Darío,
9 (RLIN) 56912
Término indicativo de función/relación editor
700 1# - PUNTO DE ACCESO ADICIONAL--NOMBRE DE PERSONA
Nombre de persona Rosario , Antonio
9 (RLIN) 22267
Término indicativo de función/relación editor
942 ## - ELEMENTOS DE PUNTO DE ACCESO ADICIONAL (KOHA)
Fuente del sistema de clasificación o colocación Dewey Decimal Classification
Tipo de ítem Koha Libro
Holdings
Estado de retiro Estado de pérdida Fuente del sistema de clasificación o colocación Restricciones de uso No para préstamo Código de colección Localización permanente Ubicación/localización actual Ubicación en estantería Fecha de adquisición Fuente de adquisición Total de préstamos Signatura topográfica completa Código de barras Fecha visto por última vez Precio válido a partir de Tipo de ítem Koha
    Dewey Decimal Classification Excluido de préstamo   Patrimonio Dominicano Biblioteca Nacional Pedro Henríquez Ureña Biblioteca Nacional Pedro Henríquez Ureña En catalogación 03.01.2017 Donado por el Poder Judicial   345.729302 R426c 2023-5235 07.08.2023 07.08.2023 Libro

Powered by Koha